[Event "MCR mladeze, Kouty 2018 - D16"]
[Site "Kouty nad Desnou"]
[Date "2018.03.12"]
[Round "3"]
[White "Janosova, Katerina Anna"]
[Black "Gresova, Zuzana"]
[Result "0-1"]
[WhiteElo "1295"]
[BlackElo "1872"]
[EventDate "2018.03.10"]

1. e4  c5  2. Nf3  d6
3. d4  cxd4  4. Nxd4
Nf6  5. Nc3  a6
6. g3  e5  7. Nb3  Be7
8. Be3  O-O  9. f3
Nbd7  10. Qd2  b5
11. a3  Bb7  12. g4
Qc7  13. h4  Rad8
14. h5  Nb6  15. g5
Ne8  16. g6  Bf6
17. Bd3  Nc4  18. Bxc4
bxc4  19. Nc1  Qe7
20. Rg1  Bh4+  21. Bf2
fxg6  22. hxg6  Rxf3
23. Rg2  Nc7  24. gxh7+
Kh8  25. Qe2  Rdf8
26. Nd1  d5  27. Rh2
Bxf2+  28. Nxf2  Qg5
29. Qf1  dxe4  30. Rg2
Qf6  31. Qe2  e3
0-1

[Event "MCR mladeze, Kouty 2018 - D16"]
[Site "Kouty nad Desnou"]
[Date "2018.03.12"]
[Round "3"]
[White "Vilimova, Julie"]
[Black "Markova, Kristyna"]
[Result "0-1"]
[WhiteElo "1751"]
[BlackElo "1633"]
[EventDate "2018.03.10"]

1. e4  e5  2. Bc4  Nf6
3. d3  Bc5  4. Nf3
Nc6  5. O-O  O-O
6. c3  d5  7. exd5
Nxd5  8. b4  Be7
9. Qe1  Nb6  10. Bb5
f6  11. Bxc6  bxc6
12. Qe4  Qd5  13. Re1
Qxe4  14. dxe4  Bg4
15. Nbd2  Rfd8  16. Nb3
Rd3  17. Bd2  Bxf3
18. gxf3  Nc4  19. Re2
Rad8  20. Be1  Rxf3
21. Nc5  Bxc5  22. bxc5
Rfd3  23. Rb1  a5
24. Rb7  R8d7  25. Ra7
Rd1  26. Kg2  Re7
27. Ra6  Re6  28. Ra7
Rd7  29. f3  g6
30. Ra8+  Kf7  31. Kg1  Re8
32. Ra6  Re6  33. Ra8
f5  34. Rh8  Kg7
35. Ra8  Rf7  36. exf5
gxf5  37. Rg2+  Rg6
38. Rxg6+  hxg6  39. Ra6
Rf6  40. Bh4  g5
41. Be1  e4  42. Ra7
exf3  43. Rxc7+  Kg6
44. Bf2  Re6  45. Bd4
Nd2  46. Bf2  Kh5
47. Ra7  Re2  48. Rh7+
Kg6  49. Rc7  Ne4
50. Rxc6+  Kh5  51. Bg3
f4  52. Rc8  fxg3
0-1

[Event "MCR mladeze, Kouty 2018 - D16"]
[Site "Kouty nad Desnou"]
[Date "2018.03.12"]
[Round "3"]
[White "Holaskova, Veronika"]
[Black "Rosenbaumova, Lea"]
[Result "0-1"]
[WhiteElo "1381"]
[BlackElo "1692"]
[EventDate "2018.03.10"]

1. e4  e6  2. d4  d5
3. e5  c5  4. Nf3
Nc6  5. c3  Qb6
6. Be2  cxd4  7. cxd4  Nh6
8. Nc3  Nf5  9. Bb5
Bb4  10. Bxc6+  bxc6
11. O-O  Ba6  12. Re1
Rb8  13. Be3  O-O
14. Ng5  h6  15. Nf3
Bxc3  16. bxc3  Qb2
17. Bd2  Bc4  18. Qa4
Be2  19. Reb1  Qxb1+
20. Rxb1  Rxb1+  21. Ne1
Rfb8  22. f3  R8b2
23. h3  Rxd2  24. h4
Rxe1+  25. Kh2  Bxf3
26. Kh3  Rh1#  0-1

[Event "MCR mladeze, Kouty 2018 - D16"]
[Site "Kouty nad Desnou"]
[Date "2018.03.12"]
[Round "3"]
[White "Kralova, Gabriela"]
[Black "Postranecka, Zuzana"]
[Result "1-0"]
[WhiteElo "1362"]
[BlackElo "1463"]
[EventDate "2018.03.10"]

1. d4  d5  2. Nf3  Nf6
3. Bf4  e6  4. e3
Bd6  5. Bxd6  Qxd6
6. c4  O-O  7. c5
Qe7  8. Bd3  Nc6
9. a3  e5  10. Bb5
e4  11. Nfd2  Bd7
12. O-O  Ng4  13. h3
Nh6  14. Qh5  f5
15. Nc3  Be8  16. Qd1
Rd8  17. b4  g5
18. Qb3  Bf7  19. Bxc6  bxc6
20. Qa4  f4  21. Qxc6
Be6  22. Nb5  Rd7
23. Nxa7  g4  24. Kh2
g3+  25. fxg3  fxg3+
26. Kh1  Nf5  27. Rae1
Rf6  28. Qa8+  Kg7
29. Nc6  Qf7  30. Ne5
Qh5  31. Nxd7  Bxd7
32. Qxd5  Be6  33. Qe5
Qf7  34. Kg1  Kg6
35. Nxe4  Bd7  36. Nxf6
Qe6  37. Qxe6  Bxe6
38. Rxf5  Bxf5  39. Ng4
1-0

[Event "MCR mladeze, Kouty 2018 - D16"]
[Site "Kouty nad Desnou"]
[Date "2018.03.12"]
[Round "3"]
[White "Beranova, Karin"]
[Black "Otahalova, Nela"]
[Result "1/2-1/2"]
[WhiteElo "1453"]
[BlackElo "1214"]
[EventDate "2018.03.10"]

1. e4  e5  2. Nc3  Nf6
3. f4  d5  4. fxe5
Nxe4  5. Nxe4  dxe4
6. d3  Bc5  7. Qe2
exd3  8. Qxd3  O-O
9. Bf4  Nc6  10. O-O-O
Qxd3  11. Bxd3  Be6
12. a3  Rad8  13. Nf3
Bb6  14. Ng5  h6
15. Nxe6  fxe6  16. Bg3
Be3+  17. Kb1  Bf4
18. Bh4  Rd5  19. Bc4
Rxe5  20. Rd7  Re4
21. b3  Bd6  22. Bg3
Nb8  23. Bxd6  Nxd7
24. Bxf8  Nxf8  25. Rd1
Rf4  26. Rd8  Kh7
27. Rb8  b6  28. Rc8
c5  29. Ra8  Rf2
30. Kc1  Rf7  31. Re8
Rf6  32. Kd1  Kg6
33. Re7  Rf7  34. Re8
Kf6  35. Ke2  Ke5
36. Ke3  g6  37. h3
h5  38. g3  g5
39. a4  g4  40. hxg4  hxg4
41. Be2  Kf5  42. Bc4
Ke5  43. Be2  1/2-1/2

[Event "MCR mladeze, Kouty 2018 - D16"]
[Site "Kouty nad Desnou"]
[Date "2018.03.12"]
[Round "3"]
[White "Jankovska, Hana"]
[Black "Lorencova, Michaela"]
[Result "0-1"]
[WhiteElo "1069"]
[BlackElo "1463"]
[EventDate "2018.03.10"]

1. e4  e5  2. Nc3  Nc6
3. f4  exf4  4. Nf3
d6  5. Bc4  Nf6
6. d4  Bg4  7. O-O  Be7
8. Bxf4  O-O  9. Qd3
Na5  10. b3  c6
11. Qe3  Nxc4  12. bxc4  Re8
13. Ng5  h6  14. Nh3
Bf8  15. Rae1  d5
16. e5  dxc4  17. Qg3
Qxd4+  18. Nf2  Nh5
19. Qxg4  Nxf4  20. Re4
Qxc3  21. Qxf4  Qxc2
22. Rxc4  Qxa2  23. Ng4
Re7  24. Rc3  Qe6
25. Rg3  Kh8  26. Rh3
Qg6  27. Rd1  Re6
28. Rd7  Kg8  29. Rg3
Qb1+  30. Kf2  Bc5+
31. Ne3  Bxe3+  32. Rxe3
Rf8  33. Rg3  Qb2+
34. Rd2  Qxe5  35. Qb4
Qe1+  36. Kf3  Qe3+
37. Kg4  Re4+  0-1

[Event "MCR mladeze, Kouty 2018 - D16"]
[Site "Kouty nad Desnou"]
[Date "2018.03.12"]
[Round "3"]
[White "Houdkova, Barbora"]
[Black "Kalousova, Julie"]
[Result "1/2-1/2"]
[WhiteElo "1173"]
[BlackElo "1436"]
[EventDate "2018.03.10"]

1. e4  e6  2. d4  d5
3. exd5  exd5  4. Bd3
Bd6  5. Nf3  Nf6
6. Bg5  h6  7. Bh4
Bg4  8. Nbd2  Nbd7
9. Be2  Qe7  10. O-O
O-O-O  11. c3  g5
12. Bg3  Ne4  13. Bxd6
Nxd6  14. Re1  Qf6
15. Qb3  1/2-1/2

[Event "MCR mladeze, Kouty 2018 - D16"]
[Site "Kouty nad Desnou"]
[Date "2018.03.12"]
[Round "3"]
[White "Landsmannova, Marie Magdal"]
[Black "Otrubova, Kristyna"]
[Result "0-1"]
[WhiteElo "1142"]
[BlackElo "1781"]
[EventDate "2018.03.10"]

1. e4  c5  2. Nf3  Nc6
3. d4  cxd4  4. Nxd4
e6  5. Nc3  a6
6. Nxc6  bxc6  7. Bf4  d5
8. exd5  cxd5  9. Qd4
Nf6  10. Be2  Be7
11. O-O  O-O  12. Rfd1
Nd7  13. a3  Bc5
14. Qd3  Bb7  15. b4
Ba7  16. Qg3  d4
17. Qd3  e5  18. Bg3
f5  19. h3  Kh8
20. Na4  f4  21. Bh2  e4
22. Qb3  f3  23. Bc4
Qg5  24. g3  e3
25. h4  Qf5  26. Be6  exf2+
27. Kxf2  d3+  28. Nc5
Nxc5  29. Bxf5  Nxb3+
30. Kf1  Nxa1  0-1

[Event "MCR mladeze, Kouty 2018 - D16"]
[Site "Kouty nad Desnou"]
[Date "2018.03.12"]
[Round "3"]
[White "Bohunovska, Tereza"]
[Black "Vanharova, Lucie"]
[Result "1-0"]
[WhiteElo "1087"]
[BlackElo "1169"]
[EventDate "2018.03.10"]

1. e4  e5  2. Nf3  Nc6
3. Bb5  Nf6  4. d3
Bc5  5. Bg5  h6
6. Bh4  O-O  7. Bxc6  dxc6
8. Nxe5  Qd6  9. Nf3
Rd8  10. Nc3  Re8
11. O-O  Ng4  12. h3
Ne5  13. d4  Nxf3+
14. Qxf3  Qxd4  15. Rad1
Qe5  16. Bg3  Qe7
17. Rfe1  Be6  18. a3
Rad8  19. b4  Rxd1
20. Rxd1  Bb6  21. e5
Bc4  22. Qe4  Qe6
23. a4  a5  24. b5
cxb5  25. axb5  f6
26. Re1  c6  27. Kh2
cxb5  28. Qxb7  b4
29. Ne4  a4  30. Nd6
b3  31. Nxe8  Qxe8
32. Qxb6  bxc2  33. Rc1
Bb3  34. exf6  gxf6
35. Qxf6  Qf7  36. Be5
a3  37. Qh8#  1-0

[Event "MCR mladeze, Kouty 2018 - D16"]
[Site "Kouty nad Desnou"]
[Date "2018.03.12"]
[Round "4"]
[White "Koubova, Anna Marie"]
[Black "Nemcova, Karin"]
[Result "1/2-1/2"]
[WhiteElo "1943"]
[BlackElo "1997"]
[EventDate "2018.03.10"]

1. d4  Nf6  2. c4  e6
3. Nc3  Bb4  4. Qc2
d5  5. e3  c5
6. Nf3  Nc6  7. cxd5  exd5
8. dxc5  Bxc5  9. Bb5
O-O  10. O-O  Nb4
11. Qe2  a6  12. Ba4
Qe7  13. a3  Nc6
14. Qd3  Rd8  15. b4
Ba7  16. Bxc6  bxc6
17. Nd4  Qd6  18. Nce2
Bb8  19. Nf3  Ng4
20. Ng3  a5  21. Bb2
Qh6  22. Rfd1  axb4
23. axb4  Rxa1  24. Bxa1
Qd6  25. Qc3  f6
26. Nd4  Ne5  27. Nb3
Qc7  28. Qc2  Qb6
29. Na5  Bg4  30. Rb1
Bd7  31. Bd4  Qb5
32. Bc5  Bc7  33. Nb3
Qd3  34. Qxd3  Nxd3
35. Rd1  Nxc5  36. bxc5
Rb8  37. Nd4  Rb4
38. Ngf5  Kf7  39. Rc1
g6  40. Ng3  Be5 1/2-1/2

[Event "MCR mladeze, Kouty 2018 - D16"]
[Site "Kouty nad Desnou"]
[Date "2018.03.12"]
[Round "4"]
[White "Urbanova, Daniela"]
[Black "Gresova, Zuzana"]
[Result "1/2-1/2"]
[WhiteElo "1668"]
[BlackElo "1872"]
[EventDate "2018.03.10"]

1. e4  c5  2. Nf3  d6
3. d4  cxd4  4. Nxd4
Nf6  5. Nc3  a6
6. Be2  e5  7. Nb3  Be6
8. O-O  Be7  9. Be3
O-O  10. f4  b5
11. a4  b4  12. Nd5  Nxd5
13. exd5  Bd7  14. fxe5
dxe5  15. d6  Bg5
16. Qd2  Bxe3+  17. Qxe3
Nc6  18. Bf3  Rc8
19. Rf2  f6  20. Bd5+
Kh8  21. Nc5 Nd4  22. Nb7
Qe8  23. c3  Nf5
24. Qd3  bxc3  25. bxc3
Qh5  26. h3  Qg5
27. Re1  Rfe8  28. c4
Nd4  29. c5  Nc6
30. Qc3  Rb8  31. Bxc6
Bxc6  32. Na5  Rbc8
33. Rd1  Red8  34. Nc4
e4  35. Nb6  Rb8
36. Re2  f5  37. Qe5
Re8  38. Qd4  f4
39. d7  Red8  40. Kh1
f3  41. gxf3  exf3
42. Rf2  Qg3  43. a5
Qxh3+  44. Kg1  Qg3+
45. Kf1  Qh3+  46. Ke1
Qe6+  47. Kf1  Qh3+
48. Ke1  Qe6+  1/2-1/2

[Event "MCR mladeze, Kouty 2018 - D16"]
[Site "Kouty nad Desnou"]
[Date "2018.03.12"]
[Round "4"]
[White "Laurincova, Kristyna"]
[Black "Markova, Kristyna"]
[Result "1-0"]
[WhiteElo "1825"]
[BlackElo "1633"]
[EventDate "2018.03.10"]

1. e4  e5  2. Bc4  Nf6
3. d3  Bc5  4. Nf3
d6  5. c3  O-O
6. O-O  Bg4  7. Bb3  d5
8. Qe2  dxe4  9. dxe4
Nc6  10. Nbd2  Qe7
11. Re1  Rad8  12. Nf1
Rfe8  13. h3  Bh5
14. Ng3  Bg6  15. Nh4
Qd7  16. Rd1  Qe7
17. Bg5  Rxd1+  18. Rxd1
Rd8  19. Re1  Na5
20. Bc2  h6  21. Ngf5
Qf8  22. Bxf6  gxf6
23. b4  Bxb4  24. cxb4
Nc6  25. b5  Nd4
26. Qc4  Bxf5  27. Nxf5
Nxf5  28. exf5  Rd7
29. Re3  Kh7  30. Qh4
Rd6  31. g4  Qg7
32. Rxe5  Rd2  33. Rc5
Rd7  34. Rc3  Qg5
35. Qxg5  hxg5  36. Ba4
b6  37. Bb3  Kg7
38. Kg2  Kf8  39. Re3
Rd4  40. a3  Rd6
41. Kg3  c5  42. bxc6
Rxc6  43. Ba4  Rc8
44. Bb5  Rc7  45. f4
Kg7  46. Rd3  Kf8
47. fxg5  fxg5  48. f6
Rc8  49. Re3  Rd8
50. Kf3  Rc8  51. a4
Rd8  52. Re5  1-0

[Event "MCR mladeze, Kouty 2018 - D16"]
[Site "Kouty nad Desnou"]
[Date "2018.03.12"]
[Round "4"]
[White "Rosenbaumova, Lea"]
[Black "Kralova, Gabriela"]
[Result "1-0"]
[WhiteElo "1692"]
[BlackElo "1362"]
[EventDate "2018.03.10"]

1. e4  e5  2. Nf3  Nc6
3. Bb5  Nf6  4. O-O
Bc5  5. c3  a6
6. Ba4  b5  7. Bc2  d6
8. d4  Bb6  9. h3
O-O  10. Re1  h6
11. a3  Bb7  12. Qd3
Re8  13. Nbd2  Ne7
14. dxe5  dxe5  15. Qxd8
Raxd8  16. Nxe5  Nc8
17. Ng4  Nxg4  18. hxg4
Re6  19. Kf1  Kf8
20. f3  g5  21. Nb3
a5  22. Be3  Red6
23. Nc5  Ba8  24. b4
Ne7  25. e5  Rd5
26. Be4  Rxe5  27. Bxa8
Bxc5  28. Bxc5  Rxc5
29. bxc5  Rxa8  30. Rad1
Kg7  1-0

[Event "MCR mladeze, Kouty 2018 - D16"]
[Site "Kouty nad Desnou"]
[Date "2018.03.12"]
[Round "4"]
[White "Lorencova, Michaela"]
[Black "Richterova, Julie"]
[Result "0-1"]
[WhiteElo "1463"]
[BlackElo "1877"]
[EventDate "2018.03.10"]

1. e4  Nf6  2. Nc3  e5
3. Nf3  Bb4  4. Nxe5
O-O  5. Bc4  Bxc3
6. dxc3  d5  7. exd5
Re8  8. f4  Bg4
9. Qd4  Nbd7  10. O-O  Bh5
11. Bd2  Nb6  12. Rae1
Nxc4  13. Qxc4  Nxd5
14. g4  Nf6  15. gxh5
Qxd2  16. Qxf7+  Kh8
17. h6  Rg8  18. hxg7+
Rxg7+  0-1

[Event "MCR mladeze, Kouty 2018 - D16"]
[Site "Kouty nad Desnou"]
[Date "2018.03.12"]
[Round "4"]
[White "Janosova, Katerina Anna"]
[Black "Vilimova, Julie"]
[Result "0-1"]
[WhiteElo "1295"]
[BlackElo "1751"]
[EventDate "2018.03.10"]

1. e4  g6  2. d4  Bg7
3. Nf3  d6  4. Nc3
Nf6  5. Bg5  O-O
6. Bc4  c6  7. e5
d5  8. exf6  exf6
9. Bxd5  fxg5  10. Bc4
Bg4  11. Qd3  Bxf3
12. gxf3  Qxd4  13. O-O-O
Qxd3  14. Rxd3  b5
15. Bb3  a5  16. a3
Na6  17. h4  gxh4
18. Rxh4  Nc5  19. Re3
Nxb3+  20. cxb3  f5
21. f4  Rfe8  22. Rhh3
Bd4  23. Ref3  b4
24. axb4  axb4  25. Nd1
Re2  26. Kb1  c5
27. Rhg3  Rae8  28. Kc1
Re1  0-1

[Event "MCR mladeze, Kouty 2018 - D16"]
[Site "Kouty nad Desnou"]
[Date "2018.03.12"]
[Round "4"]
[White "Otahalova, Nela"]
[Black "Bartosova, Hana"]
[Result "1/2-1/2"]
[WhiteElo "1214"]
[BlackElo "1627"]
[EventDate "2018.03.10"]

1. e4  e6  2. d4  d5
3. exd5  exd5  4. c4
Nf6  5. Nc3  Nc6
6. Nf3  Bg4  7. Be3
Be7  8. h3  Bh5
9. c5  Bg6  10. Bb5  O-O
11. Bxc6  bxc6  12. Ne5
Ne4  13. Nxe4  Bxe4
14. Nxc6  Qe8  15. Nxe7+
Qxe7  16. O-O  Qf6
17. Qg4  Qf5  18. Qxf5
Bxf5  19. b4  Rab8
20. a3  Rb5  21. Rfd1
c6  22. Rd2  a6
23. Rb2  Rfb8  24. Raa2  a5
25. Bf4  R8b7  26. Re2
Be6  27. bxa5  Rxa5
28. Rab2  Rab5  29. Bc1
Rxb2  30. Bxb2  Ra7
31. Kh2  Ra4  32. f4
g6  33. Kg3  Kg7
34. Kh4  h6  35. g4
Kf6  36. Kg3  Ra6
37. h4  Kg7  38. h5
gxh5  39. gxh5  Kf6
40. Kf3  Bf5  41. Re8
Bd7  42. Rb8  Ra7
43. Rb3  Bc8  44. Rb6
Bd7  45. Rb3  Bc8
46. Rb6  Bd7  47. Rb3
Bc8  1/2-1/2

[Event "MCR mladeze, Kouty 2018 - D16"]
[Site "Kouty nad Desnou"]
[Date "2018.03.12"]
[Round "4"]
[White "Postranecka, Zuzana"]
[Black "Beranova, Karin"]
[Result "1/2-1/2"]
[WhiteElo "1463"]
[BlackElo "1453"]
[EventDate "2018.03.10"]

1. e4  e5  2. Nf3  Nc6
3. Nc3  Nf6  4. d4
exd4  5. Nxd4  Bc5
6. Nxc6  bxc6  7. Bc4
O-O  8. O-O  Bb7
9. Bg5  Be7  10. Qf3
d5  11. exd5  cxd5
12. Rad1  c6  13. Bd3
Bc8  14. Bxf6  Bxf6
15. Rfe1  g6  16. Qg3
Bh4  17. Qf4  Bg5
18. Qg3  Bh4  19. Qf3
Qg5  20. Qe3  Qxe3
21. Rxe3  d4  22. Re4
dxc3  23. Rxh4  cxb2
24. Rb4  Bf5  25. Bxf5
Rab8  26. Rxb8  Rxb8
27. Rb1  gxf5  28. Kf1
a5  29. Ke2  a4
30. a3  Kf8  31. Kd3  Ke7
32. Kc3  Rg8  33. g3
Rg4  34. f3  Rg6
35. Rxb2  f4  36. g4
Re6  37. Kb4  Re3
38. Kxa4  Rxf3  39. c4
Kd6  40. Kb4  c5+
41. Kb5  Rd3  42. a4
f3  43. a5  Ke5
44. Kxc5  Rd8  45. a6  Rc8+
46. Kb4  Rb8+  47. Kc3
Rxb2  48. Kxb2  f2
49. a7  f1=Q  50. a8=Q
Qe2+  51. Kb3  Qd3+
1/2-1/2

[Event "MCR mladeze, Kouty 2018 - D16"]
[Site "Kouty nad Desnou"]
[Date "2018.03.12"]
[Round "4"]
[White "Otrubova, Kristyna"]
[Black "Holaskova, Veronika"]
[Result "1-0"]
[WhiteElo "1781"]
[BlackElo "1381"]
[EventDate "2018.03.10"]

1. d4  d5  2. c4  c6
3. Nd2  Nf6  4. Ngf3
Bf5  5. Nh4  Bc8
6. e3  Nbd7  7. Bd3
e6  8. O-O  b6
9. b3  Bd6  10. Bb2  Bb7
11. Nhf3  Bc7  12. Rc1
Rc8  13. e4  dxe4
14. Nxe4  Nxe4  15. Bxe4
Nf6  16. Bb1  O-O
17. Qc2  Qd6  18. d5
g6  19. Bxf6  exd5
20. Be5  Qe6  21. Bxc7
Rxc7  22. Rfe1  Qd6
23. Red1  Rfc8  24. Qd2
Rd7  25. cxd5  cxd5
26. Rxc8+  Bxc8  27. h3
Bb7  28. Qd4  Rd8
29. Nd2  Qc6  30. Nf1
a5  31. Ne3  Re8
32. Bd3  h6  33. Ng4
Re6  34. Nxh6+  Kf8
35. Qh8+  Ke7  36. Qg7
d4  37. Qxf7+  Kd8
38. f3  Kc8  39. Be4
Rxe4  40. fxe4  Qxe4
41. Qf3  Qc2  42. Qf1
Kb8  43. Rxd4  Qxa2
44. Rg4  Qxb3  45. Rxg6
a4  46. Nf5  a3
47. Rg3  Qb2  48. Qf4+  Ka7
49. Qa4+  Kb8  50. Qxa3
Qb1+  51. Kh2  Qxf5
52. Qd6+  1-0

[Event "MCR mladeze, Kouty 2018 - D16"]
[Site "Kouty nad Desnou"]
[Date "2018.03.12"]
[Round "4"]
[White "Kalousova, Julie"]
[Black "Bohunovska, Tereza"]
[Result "1-0"]
[WhiteElo "1436"]
[BlackElo "1087"]
[EventDate "2018.03.10"]

1. d4  d6  2. Nf3  e6
3. c4  Be7  4. e3
f5  5. Nc3  Bd7
6. Be2  Bf6  7. a3  Ne7
8. e4  fxe4  9. Nxe4
Nbc6  10. Nxf6+  gxf6
11. b4  Rg8  12. Nh4
b6  13. Bb2  a5
14. b5  Na7  15. Qd2  c6
16. Bh5+  Ng6  17. Qh6
Qe7  18. Nxg6  hxg6
19. Bxg6+  Kd8  20. a4
d5  21. Ba3  c5
22. dxc5  bxc5  23. O-O  Kc7
24. Bd3  Kb6  25. cxd5
exd5  26. Rac1  Rac8
27. Rfe1  Qd6  28. Qe3
Rge8  29. Qd2  Qb8
30. Rxe8  Bxe8  31. Bf5
Rc7  32. Qxd5  Bf7
33. Bxc5+  Rxc5  34. Qxc5+
Kb7  35. Be4+  Nc6
36. Qxc6+  Ka7  37. Qa6# 1-0

[Event "MCR mladeze, Kouty 2018 - D16"]
[Site "Kouty nad Desnou"]
[Date "2018.03.12"]
[Round "4"]
[White "Jankovska, Hana"]
[Black "Houdkova, Barbora"]
[Result "1-0"]
[WhiteElo "1069"]
[BlackElo "1173"]
[EventDate "2018.03.10"]

1. e4  e5  2. Nc3  Nc6
3. f4  exf4  4. Nf3
g5  5. Bc4  Bg7
6. d3  h6  7. Qe2  d6
8. h3  Nge7  9. Bd2
O-O  10. O-O-O  Re8
11. Qf2  Be6  12. g3
fxg3  13. Qxg3  d5
14. exd5  Bxd5  15. Rhg1
Bxc4  16. dxc4  Nf5
17. Qg4  Nfd4  18. h4
Nxf3  19. Qxf3  Ne5
20. Qg3  f6  21. hxg5
hxg5  22. Bxg5  Qe7
23. Bh6  Rad8  24. Nd5
Qf7  25. Bxg7  Rd7
26. Nxf6+  1-0

[Event "MCR mladeze, Kouty 2018 - D16"]
[Site "Kouty nad Desnou"]
[Date "2018.03.12"]
[Round "4"]
[White "Vanharova, Lucie"]
[Black "Landsmannova, Marie Magdal"]
[Result "1/2-1/2"]
[WhiteElo "1169"]
[BlackElo "1142"]
[EventDate "2018.03.10"]

1. e4  e5  2. Nf3  Nc6
3. Bc4  Nf6  4. d3
d5  5. exd5  Nxd5
6. h3  Be6  7. Bb5
Bd6  8. c4  Nf6
9. Nc3  O-O  10. O-O  Nd4
11. Nxd4  exd4  12. Bg5
c6  13. Ne4  Be7
14. Nxf6+  Bxf6  15. Bxf6
Qxf6  16. Ba4  Qg6
17. Qf3  Bf5  18. Rad1
Rfe8  19. Bc2  b5
20. cxb5  cxb5  21. b4
a5  22. Rde1  Be6
23. Bb3  Bxb3  24. axb3
axb4  25. g3  Rec8
26. Rc1  Qe6  27. Rxc8+
Rxc8  28. Rb1  Qxh3
29. Qd5  Qg4  30. Qxb5
Qe2  31. Ra1  Qc2
32. Re1  h6  33. Qxb4
Qxd3  34. Qb7  Qf5
35. Rd1  Rd8  36. b4
Qc2  37. Re1  d3
38. Qe4  Rc8  39. Kg2
d2  40. Qxc2  Rxc2
41. Rd1  g5  42. b5
Rb2  43. b6  Kg7
44. b7  Rxb7  45. Rxd2
Rb4  46. Kh3  f6
47. Rd7+  Kg6  48. Rd2
Rb1  49. Kg2  Rb4
50. Kh3  Rb1  51. Kg2
Rb4  52. f3  1/2-1/2

[Event "MCR mladeze, Kouty 2018 - D16"]
[Site "Kouty nad Desnou"]
[Date "2018.03.13"]
[Round "5"]
[White "Nemcova, Karin"]
[Black "Urbanova, Daniela"]
[Result "1/2-1/2"]
[WhiteElo "1997"]
[BlackElo "1668"]
[EventDate "2018.03.10"]

1. e4  d5  2. exd5  Nf6
3. d4  Nxd5  4. c4
Nb6  5. b3  g6
6. Bb2  Bg7  7. Ne2  c5
8. Qd2  O-O  9. d5
Bxb2  10. Qxb2  e6
11. dxe6  Bxe6  12. Ng3
Nc6  13. Be2  Nd4
14. O-O  Bf5  15. Nxf5
Nxf5  16. Bf3  Qc7
17. Nc3  Nd4  18. Bd5
Rae8  19. Rfe1  Re7
20. Qd2  Rfe8  21. Rxe7
Qxe7  22. h3  Nxd5
23. Nxd5  Qe5 24. Rd1  Kg7
25. Ne3  Qg5  26. Kh1
b6  27. Re1  Re6
28. Qc3  Qf4  29. Ng4
Rxe1+  30. Qxe1  h5
31. Ne3  Qe4  32. Qd1
Kg8  33. Qd2  Nf5
34. Nd5  Kg7  35. Nc3
Qd4  36. Qe1  a6
37. Ne2  Qb2  38. Qc3+
Qxc3  39. Nxc3  Ne7
40. Kg1  Kf6  41. Kf1
Ke5  42. Ke2  Nc6
43. Na4  Nb4  44. Nxb6
Nxa2  45. Kd2  Nb4
46. Kc3  Na2+  1/2-1/2

[Event "MCR mladeze, Kouty 2018 - D16"]
[Site "Kouty nad Desnou"]
[Date "2018.03.13"]
[Round "5"]
[White "Laurincova, Kristyna"]
[Black "Koubova, Anna Marie"]
[Result "1-0"]
[WhiteElo "1825"]
[BlackElo "1943"]
[EventDate "2018.03.10"]

1. e4  c5  2. Nf3  d6
3. d4  cxd4  4. Nxd4
Nf6  5. Nc3  g6
6. Bc4  Bg7  7. h3  O-O
8. O-O  Nc6  9. Be3
Nxe4  10. Nxe4  d5
11. Nxc6  bxc6  12. Bd3
dxe4  13. Bxe4  Qc7
14. c3  a5  15. Re1
Be6  16. Qa4  Rab8
17. Re2  c5  18. Bf3
c4  19. Bg5  Rfe8
20. Rd1  Rbd8  21. Red2
Rb8  22. Bd5  Bxd5
23. Rxd5  Ra8  24. R1d2
Bf6  25. Be3  Rec8
26. Rc5  Qxc5  27. Bxc5
Rxc5  28. Qd1  Rcc8
29. a4  Kg7  30. Qe2
Ra6  31. Rd5  Raa8
32. g4  1-0

[Event "MCR mladeze, Kouty 2018 - D16"]
[Site "Kouty nad Desnou"]
[Date "2018.03.13"]
[Round "5"]
[White "Gresova, Zuzana"]
[Black "Rosenbaumova, Lea"]
[Result "1/2-1/2"]
[WhiteElo "1872"]
[BlackElo "1692"]
[EventDate "2018.03.10"]

1. c4  e6  2. Nc3  Nf6
3. d4  d5  4. cxd5
exd5  5. Bg5  Be7
6. e3  c6  7. Bd3
h6  8. Bf4  Be6
9. Qc2  Nbd7  10. Nf3  Nh5
11. O-O  O-O  12. Rab1
Bg4  13. Ne5  Nxf4
14. exf4  Nxe5  15. dxe5
f6  16. f3  Bd7
17. e6  Bxe6  18. Rfe1  Bf7
19. Kh1  Bd6  20. Ne2
Qc7  21. b4  Rae8
22. g3  Qb6  23. a3
Re3  24. Ng1  Rfe8
25. Qd2  Kh8  26. Rxe3
Qxe3  27. Qc2  Bh5
28. Kg2  d4  29. Rd1
Re7  1/2-1/2

[Event "MCR mladeze, Kouty 2018 - D16"]
[Site "Kouty nad Desnou"]
[Date "2018.03.13"]
[Round "5"]
[White "Richterova, Julie"]
[Black "Vilimova, Julie"]
[Result "0-1"]
[WhiteElo "1877"]
[BlackElo "1751"]
[EventDate "2018.03.10"]

1. Nf3  d5  2. d4  Nc6
3. c4  Bg4  4. cxd5
Bxf3  5. dxc6  Bxc6
6. Nc3  e6  7. Bf4
Nf6  8. e3  Bb4
9. Qb3  Nd5  10. Be5  O-O
11. e4  Nxc3  12. bxc3
Ba5  13. Bd3  f6
14. Qa3  b6  15. Bf4
Qxd4  16. Qxa5  Qxd3
17. Qb4  Bb5  18. c4
Bxc4  19. Qd2  Qxe4+
20. Qe3  Qxg2  21. Kd2
Rad8+  22. Kc2  e5
23. Bg3  Qc6  24. Kb2
Qb5+  25. Kc1  Bxa2
0-1

[Event "MCR mladeze, Kouty 2018 - D16"]
[Site "Kouty nad Desnou"]
[Date "2018.03.13"]
[Round "5"]
[White "Markova, Kristyna"]
[Black "Otrubova, Kristyna"]
[Result "1/2-1/2"]
[WhiteElo "1633"]
[BlackElo "1781"]
[EventDate "2018.03.10"]

1. e4  c5  2. b3  e5
3. Nf3  d6  4. Bb5+
Nc6  5. d3  g6
6. h3  Bg7  7. Nc3  Nge7
8. Bg5  f6  9. Be3
O-O  10. Qd2  Nd4
11. Bc4+  Kh8  12. Nd5
b5  13. Nxe7  Qxe7
14. Bd5  Bb7  15. Bxb7
Qxb7  16. c3  Ne6
17. Bh6  Bxh6  18. Qxh6
Nf4  19. Kd2  Nxg2
20. Rag1  Nf4  21. Nh4
Qg7  22. Qxg7+  Kxg7
23. Nf5+  Kg8  24. d4
cxd4  25. cxd4  d5
26. Ne7+  Kf7  27. Nxd5
Nxd5  28. exd5  Rfd8
29. dxe5  Rxd5+  30. Kc3
Rxe5  31. Re1  Rf5
32. Re2  a5  33. Rhe1
Ra7  34. Rd2  Rf3+
35. Re3  Rc7+  36. Kb2
Rxe3  37. fxe3  Re7
38. Rd5  Re5  39. Rd7+
Ke6  40. Rxh7  Rxe3
41. Ra7  Rxh3  42. Rxa5
b4  43. Rb5  Rh4
44. Rb6+  Kf7  45. Rb7+
Kg8  46. Rc7  g5
47. a4  bxa3+  48. Kxa3
Kf8  49. b4  Ke8
50. b5  Kd8  51. b6
Rf4  52. Rc1  Rf3+
53. Ka4  Rf4+  54. Ka5
Rf2  55. b7  Ra2+
56. Kb6  Rb2+  57. Ka7 1/2-1/2